Basketball Olympic Tournament Top 4 (Four) Positions - Men - Statistics

General Stats
  • This quiz has been taken 240 times
  • The average score is 14 of 19
Answer Stats
Answer % Correct
United States
100%
Spain
94%
France
93%
Argentina
89%
Russia
88%
Brazil
86%
Canada
84%
Soviet Union
84%
Unified Team
84%
Italy
77%
Yugoslavia
76%
Australia
73%
Croatia
67%
Lithuania
67%
Mexico
64%
Poland
59%
Cuba
42%
Puerto Rico
30%
Uruguay
28%
No matching quizzes found
Score Distribution
Percent of People with Each Score
Percentile by Number Answered
Your Score History
You have not taken this quiz